书目信息 |
| 题名: |
朗费罗诗选
|
|
| 作者: | 杨德豫 译 ;外国文学名著丛书编辑委员会 编 | |
| 分册: | ||
| 出版信息: | 北京 人民文学出版社 1959 |
|
| 页数: | 142页 | |
| 开本: | 19cm | |
| 丛书名: | ||
| 单 册: | ||
| 中图分类: | I712.24 | |
| 科图分类: | ||
| 主题词: | 文学 | |
| 电子资源: | ||
| ISBN: | ||
| 000 | 00649nam0 2200217 45 | |
| 001 | 0181021224 | |
| 005 | 20070719080724.64 | |
| 010 | @dCNY0.58 | |
| 091 | @a10019.1286 | |
| 100 | @a20810111d1959 km y0chiy0120 ea | |
| 101 | 0 | @achi |
| 105 | @ac z 000ay | |
| 200 | 1 | @Alan fei luo shi xuan@a朗费罗诗选@f杨德豫译@g外国文学名著丛书编辑委员会编 |
| 210 | @a北京@c人民文学出版社@d1959 | |
| 215 | @a142页@c肖像@d19cm | |
| 606 | 0 | @a文学 |
| 690 | @aI712.24 | |
| 701 | 0 | @a杨德豫@4译 |
| 712 | 02 | @a外国文学名著丛书编辑委员会@AWai Guo Wen Xue Ming Zhu Cong Shu Bian Ji Wei Yuan Hui@4编 |
| 801 | @aCN@bTSTC@c20070719 | |
| 905 | @dI712.24@f1@b134590@e104 | |
| 朗费罗诗选/杨德豫译/外国文学名著丛书编辑委员会编.-北京:人民文学出版社,1959 |
| 142页:肖像;19cm |
| ISBN :CNY0.58 |
| ● |
| 相关链接 |
|
|
|
|
正题名:朗费罗诗选
索取号:I712.24/104
 
预约/预借
| 序号 | 登录号 | 条形码 | 馆藏地/架位号 | 状态 | 备注 |
| 1 | 0767164 | 207671642 | 密集书库/ [索取号:I712.24/104] | 在馆 |